• 首页
  • 本馆介绍
  • 公告通知
  • 最新文献
  • 馆藏检索
  • 电子资源
  • 读者导购
  • 参考咨询
  • 我的图书馆
  • 登录
  • 详细信息显示
  • 放入我的书架
  • 预约/预借图书
  • 作者相关作品
  • 分类相关作品
  • 丛书相关作品
  • 出版社相关作品

书目信息

  • 表格格式
  • 工作单格式
  • 卡片格式
题名:
行政法与行政诉讼法
    
 
作者: 胡锦光 , 罗杰 编著
分册:  
出版信息: 北京   中国人民大学出版社  2007
页数: 389页
开本: 23cm
丛书名:
单 册:
中图分类: D922.101
科图分类:
主题词: 行政法--中国--远距离教育--教材 , 行政诉讼法--中国--远距离教育--教材 , 行政法 , 行政诉讼法
电子资源:
ISBN: 978-7-300-08546-3
000 00934nam0 2200301 450
001 523
005 20140908080824.50
010    @a978-7-300-08546-3@dCNY35.00
100    @a20080102d2007 em y0chiy50 ea
101 0  @achi
102    @aCN@b110000
105    @ay z 000yy
106    @ar
200 1  @a行政法与行政诉讼法@f胡锦光,罗杰编著
205    @a2版
210    @a北京@c中国人民大学出版社@d2007
215    @a389页@d23cm
300    @a21世纪远程教育精品教材·法学系列
330    @a本书介绍了行政法的基本概念、基本原则和基本理论,并对行政行为的一般理论和行政立法、行政许可、行政征收,及行政诉讼制度等内容进行了全面介绍。
606 0  @a行政法@y中国@x远距离教育@j教材
606 0  @a行政诉讼法@y中国@x远距离教育@j教材
606 0  @a行政法
606 0  @a行政诉讼法
690    @aD922.101@v5
701  0 @a胡锦光@4编著
701  0 @a罗杰@4编著
801  0 @aCN@bTANGWEI@c20140603
905    @b0842726-28@dD922.101@e1068=2@f3
    
    行政法与行政诉讼法/胡锦光,罗杰编著.-2版.-北京:中国人民大学出版社,2007
    389页;23cm
    21世纪远程教育精品教材·法学系列
    
    ISBN 978-7-300-08546-3:CNY35.00
    本书介绍了行政法的基本概念、基本原则和基本理论,并对行政行为的一般理论和行政立法、行政许可、行政征收,及行政诉讼制度等内容进行了全面介绍。
●
相关链接 在E读中查询图书 在五车中查询图书 在当当中查询图书 在豆瓣中查询图书


正题名:行政法与行政诉讼法     索取号:D922.101/1068=2         预约/预借

序号 登录号 条形码 馆藏地/架位号 状态 备注
1 0842726   208427264   第一样本阅览室/ [索取号:D922.101/1068=2] 在馆    
2 0842727   208427273   第一借阅区/ [索取号:D922.101/1068=2] 在馆    
3 0842728   208427282   密集书库-史法系/ [索取号:D922.101/1068=2] 在馆    
唐山师范学院图书馆 欢迎您!
大连网信软件有限公司© 版权所有